000
00253nam a22001217a 4500
082
_a
001
_b
KAN/K
100
_a
KANKARAGHAVAN
245
_a
KERALA TRAVEL GUIDE
260
_a
THRISSUR
_b
H&C
300
_a
48
650
_a
GUIDE - KERALA
_z
KERALA
942
_c
BK
999
_c
6114
_d
6114